[Event "zt 2.4"]
[Site "Rio de Janeiro BRA"]
[Date "2009.06.10"]
[Round "3"]
[White "Fier,A"]
[Black "Mecking,H"]
[Result "1-0"]
[WhiteElo "2595"]
[BlackElo "2556"]

1.d4 Nf6 2.Nf3 e6 3.c4 d5 4.Nc3 Be7 5.Bf4 O-O 6.e3 c5 7.dxc5 Bxc5 8.Qc2 Nc6
9.a3 Qa5 10.O-O-O Be7 11.g4 dxc4 12.Bxc4 Nxg4 13.Rhg1 Qh5 14.h3 Nf6 15.Rg3 e5
16.Bg5 Be6 17.Nh4 h6 18.Be2 hxg5 19.Bxh5 Nxh5 20.Nf5 Nxg3 21.Nxe7+ Nxe7 22.fxg3 Rfd8
23.Rxd8+ Rxd8 24.Qe4 Nc6 25.b4 f5 26.Qc2 e4 27.g4 Ne5 28.gxf5 Bxf5 29.Qf2 Nf3
30.Qa2+ Kf8 31.Qc4 Rc8 32.Qd5 g6 33.Kb2 Bxh3 34.Qxe4 Nd2 35.Qxg6 Nc4+ 36.Ka1 Rc6
37.Qxg5 Be6 38.Qf4+ Ke7 39.Qg5+ Kd7 40.Ne4 b6 41.b5 Rc7 42.Qg6 Nd6 43.Qg7+ Nf7
44.Qf8 Nd8 45.Ng5 Bc4 46.e4 Rc5 47.e5 Rxb5 48.Qg7+ Kc6 49.Qf6+ Kd7 50.Ne4 Be6
51.Nd6 Ra5 52.Qg7+ Kc6 53.Kb2 Rc5 54.a4 Kd5 55.Nb5 Nf7 56.Qg3 Rc4 57.Nc3+ Kc6
58.Qf3+ Kd7 59.Nb5 Rb4+ 60.Kc1 Rc4+ 61.Kd2 Ke7 62.Qb7+ Bd7 63.Qxa7 Nxe5 64.Qxb6  1-0

[Event "zt 2.4"]
[Site "Rio de Janeiro BRA"]
[Date "2009.06.10"]
[Round "3"]
[White "Fier,A"]
[Black "Mecking,H"]
[Result "1-0"]
[WhiteElo "2595"]
[BlackElo "2556"]

1.d4 Nf6 2.Nf3 e6 3.c4 d5 4.Nc3 Be7 5.Bf4 O-O 6.e3 c5 7.dxc5 Bxc5 8.Qc2 Nc6
9.a3 Qa5 10.O-O-O Be7 11.g4 dxc4 12.Bxc4 Nxg4 13.Rhg1 Qf5 14.Bd3 Qh5 15.h3 Nf6
16.Rg3 e5 17.Bg5 Be6 18.Nh4 h6 19.Be2 hxg5 20.Bxh5 Nxh5 21.Nf5 Nxg3 22.Nxe7+ Nxe7
23.fxg3 Rfd8 24.Rxd8+ Rxd8 25.Qe4 Nc6 26.b4 f5 27.Qc2 e4 28.g4 Ne5 29.gxf5 Bxf5
30.Qh2 Nf3 31.Qa2+ Kf8 32.Qc4 Rc8 33.Qd5 g6 34.Kb2 Bxh3 35.Qxe4 Nd2 36.Qxg6 Nc4+
37.Ka1 Rc6 38.Qxg5 Be6 39.Qf4+ Ke7 40.Qg5+ Kd7 41.Ne4 b6 42.b5 Rc7 43.Qg6 Nd6
44.Qg7+ Nf7 45.Qf8 Nd8 46.Ng5 Bc4 47.e4 Rc5 48.e5 Rxb5 49.Qg7+ Kc6 50.Qf6+ Kd7
51.Ne4 Be6 52.Nd6 Ra5 53.Qg7+ Kc6 54.Kb2 Rc5 55.a4 Kd5 56.Nb5 Nf7 57.Qg3 Rc4
58.Nc3+ Kc6 59.Qf3+ Kd7 60.Nb5 Rb4+ 61.Kc1 Rc4+ 62.Kd2 Ke7 63.Qb7+ Bd7 64.Qxa7 Nxe5
65.Qxb6  1-0

[Event "1st SCS GM Open"]
[Site "Bhubaneswar IND"]
[Date "2009.06.12"]
[Round "8"]
[White "Rychagov,A"]
[Black "Babu,NS"]
[Result "1-0"]
[WhiteElo "2530"]
[BlackElo "2341"]

1.d4 d5 2.c4 e6 3.Nf3 Nf6 4.Nc3 Be7 5.Bf4 O-O 6.e3 c5 7.dxc5 Bxc5 8.Qc2 Qa5
9.a3 a6 10.Nd2 Qd8 11.Rd1 b6 12.Be2 Bb7 13.Bf3 Qc8 14.cxd5 Nxd5 15.Nxd5 Bxd5
16.Bxd5 exd5 17.O-O Nd7 18.Nb3 Nf6 19.Rc1 Be7 20.Qd3 Qe6 21.Nd4 Qe4 22.Qxe4 Nxe4
23.Rc6 b5 24.Rd1 Rfc8 25.f3 Nc5 26.Nf5 Bf8 27.Rxc8 Rxc8 28.Rxd5 g6 29.Nh6+ Kg7
30.Ng4 f5 31.Bh6+ Kf7 32.Bxf8 Kxf8 33.Nf6 Ke7 34.Nxh7 Ne6 35.h4 Rc2 36.b4 Rc3
37.Kf2 Rxa3 38.Ng5 Ra2+ 39.Kg3 f4+ 40.Kh3 Nxg5+ 41.Rxg5 fxe3 42.Re5+ Kd6
43.Rxe3 a5 44.bxa5 Rxa5 45.Rb3 Kc5 46.Rb1 b4 47.g4 Kc4 48.g5 b3 49.f4 Kc3
50.h5 Kc2 51.Rg1 gxh5 52.g6 b2 53.g7 Ra3+ 54.Kh4 Ra8  1-0

[Event "zt 2.4"]
[Site "Rio de Janeiro BRA"]
[Date "2009.06.12"]
[Round "5"]
[White "Leitao,R"]
[Black "Mecking,H"]
[Result "1-0"]
[WhiteElo "2590"]
[BlackElo "2556"]

1.d4 Nf6 2.c4 e6 3.Nf3 d5 4.Nc3 Be7 5.Bf4 O-O 6.e3 c5 7.dxc5 Bxc5 8.a3 Nc6
9.Qc2 Qa5 10.Rd1 Re8 11.Nd2 e5 12.Bg5 Nd4 13.Qb1 Bg4 14.Bxf6 Bxd1 15.Qxd1 gxf6
16.Nxd5 Bxa3 17.bxa3 Qxa3 18.Nxf6+ Kg7 19.Nxe8+ Rxe8 20.Be2 Nxe2 21.Kxe2 Rd8
22.Qc2 Qb4 23.Ne4 Rc8 24.Rc1 a6 25.Ng3 Rc6 26.Nf5+ Kf8  1-0

[Event "Open"]
[Site "Varna BUL"]
[Date "2009.06.15"]
[Round "4"]
[White "Mirzoev,A"]
[Black "Dimitrov,R"]
[Result "1-0"]
[WhiteElo "2559"]
[BlackElo "2388"]

1.d4 Nf6 2.c4 e6 3.Nf3 d5 4.Nc3 Be7 5.Bf4 O-O 6.e3 a6 7.a3 dxc4 8.Bxc4 b5
9.Ba2 Bb7 10.Rc1 Nbd7 11.b4 c6 12.e4 a5 13.Qb3 axb4 14.axb4 Nb6 15.O-O Na4
16.Bb1 Nxc3 17.Qxc3 Ra4 18.Qd3 g6 19.Bd2 Bxb4 20.Bxb4 Rxb4 21.Qd2 Qe7 22.e5 Nd5
23.Qh6 f5 24.exf6 Rxf6 25.Rfe1 Rc4 26.Rxc4 bxc4 27.Ng5 c3 28.h4 c5 29.dxc5 Nb4
30.Be4 c2 31.Rc1 Bxe4 32.Nxe4 Rf8 33.Qd2 Rb8 34.g3 Rd8 35.Nd6 Qb7 36.Qe1 Rxd6
37.cxd6 Kf7 38.Qd2 Ke8 39.Qc3 Kd7 40.Qg7+ Kc6 41.Qd4 Qb6 42.Qxb6+ Kxb6 43.Kf1 Kc6
44.Ke2 Kxd6 45.Kd2 Kc5 46.Ra1 Kc4 47.Ra5 c1=Q+ 48.Kxc1 Nd3+ 49.Kd2 Nxf2 50.Ke3 Ng4+
51.Kf4 h5 52.Kg5 e5 53.Kxg6 e4 54.Kxh5  1-0

[Event "XLIV Capablanca Memorial Open"]
[Site "Havana CUB"]
[Date "2009.06.17"]
[Round "9"]
[White "Ramon Pita,V"]
[Black "Ordaz Valdes,L"]
[Result "0-1"]
[WhiteElo "2233"]
[BlackElo "2296"]

1.d4 d5 2.Nf3 Nf6 3.c4 e6 4.Nc3 Be7 5.Bf4 O-O 6.e3 c5 7.dxc5 Bxc5 8.a3 a6
9.cxd5 exd5 10.Bg5 Be6 11.Bd3 Nc6 12.Ne2 h6 13.Bh4 Bg4 14.Rc1 Be7 15.h3 Bxf3
16.gxf3 d4 17.exd4 Qa5+ 18.Kf1 Qh5 19.Bg3 Qxf3 20.Rg1 Rad8 21.Bb1 Qh5 22.h4 Qd5
23.Bf4 Qh5 24.Qd2 Qxh4 25.Rc3 Kh8 26.Rcg3 Nh5 27.Rg4 Qh3+ 28.R1g2 f5 29.Rg6 Rf6
30.Rxf6 Bxf6 31.d5 Qh1+ 32.Ng1 Rxd5 33.Qxd5 Nxf4 34.Qf3 Qxg2+ 35.Qxg2 Nxg2
36.Kxg2 Bxb2 37.a4 g6 38.Nf3 Kg7 39.Nd2 b5 40.axb5 axb5 41.Bd3 Nd4 42.Nf3 Nxf3
43.Kxf3 b4 44.Bc4 Bd4 45.Kg2 Kf6 46.f3 Ke5 47.Kg3 Be3 48.Bf7 g5 49.Bg8 Kd4
50.Be6 f4+ 51.Kg4 Kc3 52.Kh5 b3 53.Bf5 b2  0-1

[Event "CIQ"]
[Site "Montreal CAN"]
[Date "2009.06.21"]
[Round "3"]
[White "Bluvshtein,M"]
[Black "Leveille,F"]
[Result "1-0"]
[WhiteElo "2558"]
[BlackElo "2261"]

1.d4 d5 2.c4 e6 3.Nc3 Nf6 4.Nf3 Be7 5.Bf4 O-O 6.e3 c5 7.dxc5 Bxc5 8.a3 Nc6
9.b4 Be7 10.h3 Bd6 11.cxd5 exd5 12.Bxd6 Qxd6 13.Be2 Be6 14.O-O Rfc8 15.Qd3 a5
16.bxa5 Nxa5 17.Rfb1 Nc4 18.a4 Qd7 19.Qd4 h6 20.Bxc4 dxc4 21.Qxd7 Bxd7 22.Rxb7 Ra5
23.Nd4 Rca8 24.Ndb5 Bxb5 25.Rxb5 Rxb5 26.Nxb5 Ra5 27.f3 Nd7 28.Kf2 Kf8 29.e4 Nc5
30.Nc3 f5 31.Ke3 fxe4 32.fxe4 Nb3 33.Rd1 Ke7 34.Rd5 Ra8 35.Rb5 Rd8 36.Nd5+ Ke6
37.Rb6+ Ke5 38.Nf4  1-0

[Event "SCT WIM"]
[Site "Stockholm SWE"]
[Date "2009.06.21"]
[Round "5"]
[White "Piarnpuu,L"]
[Black "Bengtsson,Je"]
[Result "1/2-1/2"]
[WhiteElo "2130"]
[BlackElo "1730"]

1.Nf3 d5 2.d4 Nf6 3.c4 e6 4.Nc3 Be7 5.Bf4 O-O 6.e3 c5 7.dxc5 Bxc5 8.Qc2 Qe7
9.Bg5 dxc4 10.Bxc4 h6 11.Bh4 Nbd7 12.a3 a6 13.e4 Bd6 14.Be2 b5 15.Rd1 Bb8
16.O-O Bb7 17.Qd2 Bc7 18.Qe3 e5 19.Rxd7 Qxd7 20.Bxf6 gxf6 21.Nh4 f5 22.Nxf5 f6
23.Bg4 Qh7 24.Nxh6+ Kg7 25.Nf5+ Kh8 26.h3 Rg8 27.Rd1 Rad8 28.Rc1 Bb8 29.Qb6 Rgf8
30.Qe3 Rf7 31.Nh6 Rc7 32.Bf5 Qg7 33.Ng4 Bc8 34.Bxc8 Rdxc8 35.Re1 Ba7 36.Qf3 Rc6
37.Qf5 Qh7 38.Qf3 Qg7 39.Nd5 Rf8 40.Qf5 Qh7 41.Qf3 Qg7 42.Qf5 Qh7 43.Qf3 Qg7
44.Re2 a5 45.Qf5 Qh7 46.Qf3 Qg7 47.Qf5 Qh7 48.Qf3 Qg7  1/2-1/2

[Event "zt 2.3"]
[Site "San Jose CRC"]
[Date "2009.06.23"]
[Round "7"]
[White "Bruzon Batista,L"]
[Black "Murillo,Alex"]
[Result "1-0"]
[WhiteElo "2617"]
[BlackElo "2317"]

1.Nf3 d5 2.d4 Nf6 3.c4 e6 4.Nc3 Be7 5.Bf4 O-O 6.e3 c5 7.dxc5 Qa5 8.a3 dxc4
9.Bxc4 Qxc5 10.Bd3 Nc6 11.O-O e5 12.Bg3 Bg4 13.Qc2 Rac8 14.Rac1 a6 15.Ng5 h6
16.Nge4 Nxe4 17.Bxe4 Rfd8 18.b4 Qd6 19.Qb1 Bf8 20.h3 Be6 21.Na4 Bd5 22.Bxd5 Qxd5
23.Nb6 Qb5 24.Nxc8 Rxc8 25.Rfd1  1-0

[Event "CIQ"]
[Site "Montreal CAN"]
[Date "2009.06.26"]
[Round "8"]
[White "Bhat,V"]
[Black "Ye,L"]
[Result "1-0"]
[WhiteElo "2475"]
[BlackElo "2179"]

1.d4 d5 2.c4 e6 3.Nc3 Be7 4.Nf3 Nf6 5.Bf4 O-O 6.e3 c5 7.dxc5 Bxc5 8.Qc2 Qa5
9.Nd2 Be7 10.a3 Nc6 11.Bg3 a6 12.Be2 d4 13.Nb3 Qb6 14.c5 Qd8 15.Na4 dxe3
16.fxe3 Nd5 17.Bf2 Bg5 18.Qd2 f5 19.Nc3 Nxc3 20.Qxc3 Qe7 21.O-O Bd7 22.Nd2 Bf6
23.Qc2 e5 24.b4 Be6 25.Nc4 e4 26.Rad1 Bxc4 27.Bxc4+ Kh8 28.Rd6 Be5 29.Rd5 Qc7
30.h3 a5 31.b5 Ne7 32.b6 Bh2+ 33.Kh1 Qc6 34.Rfd1 Bb8 35.Rd8 Be5 36.Rxf8+ Rxf8
37.Bb3 f4 38.exf4 Bxf4 39.Re1 e3 40.Bxe3 Bg3 41.Rd1 Qf6 42.Qd2 Nf5 43.Bg5 Qe5
44.Qd5 Qe2 45.Bc4 Qc2 46.Qd8 Bd6 47.Rxd6 Ng3+ 48.Kh2  1-0

[Event "Open"]
[Site "Albena BUL"]
[Date "2009.06.28"]
[Round "9"]
[White "Mitkov,M"]
[Black "Radulski,J"]
[Result "0-1"]
[WhiteElo "2382"]
[BlackElo "2560"]

1.d4 d5 2.c4 e6 3.Nc3 Be7 4.Nf3 Nf6 5.Bf4 O-O 6.e3 c5 7.dxc5 Bxc5 8.a3 Nc6
9.Rc1 Be7 10.Be2 a6 11.cxd5 Nxd5 12.Nxd5 exd5 13.Nd4 Qb6 14.Nxc6 bxc6 15.Be5 Be6
16.O-O c5 17.Bf3 f6 18.Bc3 Rfd8 19.Qa4 a5 20.Rfd1 Ra7 21.Rd2 Qb8 22.Qc6 Bf7
23.Rcd1 Rc7 24.Qa6 Ra7 25.Qc6 Rc8 26.Qa4 d4 27.Be2 dxc3 28.bxc3 c4 29.h3 Qb3  0-1

[Event "37th Greek Teams"]
[Site "Kallithea GRE"]
[Date "2009.07.06"]
[Round "6"]
[White "Moradiabadi,E"]
[Black "Radulski,J"]
[Result "0-1"]
[WhiteElo "2542"]
[BlackElo "2539"]

1.d4 d5 2.c4 e6 3.Nc3 Be7 4.Nf3 Nf6 5.Bf4 O-O 6.e3 c5 7.dxc5 Bxc5 8.a3 Nc6
9.Qc2 Qa5 10.O-O-O Be7 11.Nd2 Bd7 12.g4 Rac8 13.Kb1 Nxg4 14.Rg1 e5 15.Nb3 Qd8
16.cxd5 Na5 17.Nxa5 Qxa5 18.Bh3 exf4 19.Bxg4 f5 20.Bh3 fxe3 21.fxe3 Bf6 22.Rd3 Bxc3
23.Rxc3 Qxd5 24.Bg2 Qb5 25.a4 Qb4 26.Qb3+ Qxb3 27.Rxb3 b6 28.a5 Be6 29.Rb5 bxa5
30.Rxa5 Rc7 31.Rd1 Bb3 32.Rd6 g6 33.Ra3 Bf7 34.h4 Kg7 35.h5 Rfc8 36.Bd5 gxh5
37.Bxf7 Rxf7 38.Rd2 Rc6 39.Rh2 Kg6 40.Ra4 Re6 41.Rg2+ Kh6 42.Rg3 Rg6 43.Rh3 Rg4  0-1

[Event "8th Open"]
[Site "La Fere FRA"]
[Date "2009.07.06"]
[Round "4"]
[White "Schmidt,Rau"]
[Black "Rouffignac,T"]
[Result "1-0"]
[WhiteElo "2377"]
[BlackElo "1740"]

1.Nf3 d5 2.d4 Nf6 3.c4 e6 4.Nc3 Be7 5.Bf4 a6 6.c5 O-O 7.e3 b6 8.b4 bxc5 9.bxc5 c6
10.h3 a5 11.Qa4 Bd7 12.Bd3 Na6 13.a3 Ne8 14.Rb1 f6 15.Qc2 g6 16.Na4 Ng7 17.O-O Rf7
18.Bxa6 Rxa6 19.Rb8  1-0

[Event "ch-IRL"]
[Site "Dublin IRL"]
[Date "2009.07.08"]
[Round "6"]
[White "Short,P"]
[Black "Quinn,C"]
[Result "1/2-1/2"]
[WhiteElo "2309"]
[BlackElo "2133"]

1.d4 Nf6 2.Nf3 e6 3.c4 d5 4.Nc3 Be7 5.Bf4 c6 6.e3 Nbd7 7.Bd3 O-O 8.Qc2 a6
9.O-O dxc4 10.Bxc4 Nd5 11.Bg3 N7f6 12.Rfd1 b5 13.Be2 Qb6 14.e4 Nxc3 15.bxc3 c5
16.e5 Nh5 17.a4 Bb7 18.axb5 Nxg3 19.hxg3 axb5 20.Rab1 b4 21.Bd3 g6 22.dxc5 Bxc5
23.cxb4 Bxb4 24.Qc4 Bxf3 25.Rxb4 Qxb4 26.Qxb4 Bxd1 27.f4 Rfd8 28.Be4 Ra1
29.Qc3 Ra2 30.Qc7 Rdd2 31.Kh2 Bg4 32.Bc6 Rac2 33.Qe7 Kg7 34.Qb7 Rb2 35.Qe7 Rbc2
36.Qb7  1/2-1/2

[Event "XI Open"]
[Site "Torredembarra ESP"]
[Date "2009.07.08"]
[Round "5"]
[White "Ivanov,Jo"]
[Black "Milchev,N"]
[Result "1/2-1/2"]
[WhiteElo "2431"]
[BlackElo "2351"]

1.Nf3 d5 2.c4 e6 3.d4 Nf6 4.Nc3 Be7 5.Bf4 O-O 6.e3 a6 7.Rc1 dxc4 8.Bxc4 b5
9.Bd3 Bb7 10.O-O Nbd7 11.Bb1 c5 12.Ne5 Rc8 13.a3 cxd4 14.exd4 Nxe5 15.dxe5 Qxd1
16.Rfxd1 Nd5 17.Nxd5 Bxd5  1/2-1/2

[Event "Ch-Paris Int"]
[Site "Coubertin FRA"]
[Date "2009.07.09"]
[Round "6"]
[White "Vernay,C"]
[Black "Van Dongen,P"]
[Result "1-0"]
[WhiteElo "2463"]
[BlackElo "2344"]

1.d4 d5 2.c4 e6 3.Nc3 Be7 4.Bf4 Nf6 5.Nf3 O-O 6.e3 c5 7.dxc5 Bxc5 8.a3 Nc6
9.Qc2 dxc4 10.Bxc4 a6 11.Rd1 Bd7 12.Ba2 Be7 13.O-O Qb6 14.Ng5 Rfd8 15.Nce4 g6
16.Qc3 Ne8 17.Bb1 f6 18.Ba2 fxg5 19.Rxd7 Ng7 20.Bc7 Qb5 21.Bxd8 Rxd8 22.Rxd8+ Bxd8
23.Nd6 Qb6 24.Rd1 Qc7 25.Ne8 Nxe8 26.Bxe6+ Kf8 27.Rd7 Qe5 28.Rf7+ Kg8 29.Qxe5 Nxe5
30.Rf5+ Kg7 31.Rxe5 Kf6 32.Rd5 Bc7 33.Bc8 Nd6 34.Bxb7  1-0

[Event "Ch-Paris Int"]
[Site "Coubertin FRA"]
[Date "2009.07.10"]
[Round "7"]
[White "Karavade,E"]
[Black "Sethuraman,S"]
[Result "1/2-1/2"]
[WhiteElo "2386"]
[BlackElo "2455"]

1.d4 d5 2.c4 e6 3.Nf3 Nf6 4.Nc3 Be7 5.Bf4 O-O 6.e3 Nbd7 7.c5 Nh5 8.Bd3 Nxf4
9.exf4 c6 10.O-O b6 11.b4 bxc5 12.bxc5 Qa5 13.Qc2 g6 14.Ne2 Ba6 15.Nc1 Rab8
16.Bxa6 Qxa6 17.Nd3 Rb5 18.Rab1 Rfb8 19.Rxb5 Qxb5 20.Rc1 Bd8 21.g3 Bc7 22.Kg2 Qa6
23.h4 Rb5 24.a4 Rb8 25.h5 Qb7 26.hxg6 hxg6 27.Rh1 Bd8 28.Nde5 Nxe5 29.fxe5 Qb2
30.Qd3 Rb3 31.Qa6 Qc3 32.Ng5 Qd2 33.Qxc6 Rxg3+ 34.Kxg3 Qxg5+ 35.Kf3 Qf5+
36.Kg2 Qg4+ 37.Kf1 Qd1+ 38.Kg2 Qd2  1/2-1/2

[Event "32nd Aegean Open"]
[Site "Aghios Kirykos GRE"]
[Date "2009.07.11"]
[Round "1"]
[White "Vucic,Ml"]
[Black "Aggeli,E"]
[Result "1-0"]
[WhiteElo "2358"]
[BlackElo "1861"]

1.d4 Nf6 2.Nf3 d5 3.c4 e6 4.Nc3 Be7 5.Bf4 O-O 6.e3 c5 7.dxc5 dxc4 8.Bxc4 Bxc5
9.O-O Nbd7 10.Qe2 Qe7 11.Rfd1 h6 12.a3 a5 13.h3 Re8 14.Rac1 b6 15.Nb5 e5
16.Bg3 Rf8 17.Nh4 Kh8 18.Nf5 Qd8 19.Bxe5 Ba6 20.Nxh6 gxh6 21.Rxd7  1-0

[Event "Lake Sevan GM"]
[Site "Martuni ARM"]
[Date "2009.07.11"]
[Round "2"]
[White "Kotanjian,T"]
[Black "Berkes,F"]
[Result "1-0"]
[WhiteElo "2580"]
[BlackElo "2647"]

1.d4 d5 2.c4 e6 3.Nc3 Be7 4.Nf3 Nf6 5.Bf4 O-O 6.e3 Nbd7 7.a3 c5 8.cxd5 Nxd5
9.Nxd5 exd5 10.dxc5 Nxc5 11.Be2 Bf6 12.Be5 Bxe5 13.Nxe5 d4 14.Qxd4 Qxd4 15.exd4 Nb3
16.Rd1 Bf5 17.Bc4 Bc2 18.Bxb3 Bxb3 19.Rd3 Ba4 20.Kd2 Rfd8 21.b3 Bb5 22.Nc4 a5
23.a4 Bc6 24.Re1 Bxg2 25.Kc3 Kf8 26.Re5 Rd5 27.Nb6 Rxe5 28.dxe5 Re8 29.f4 f6
30.Nc4 Bf1 31.Rd5 fxe5 32.fxe5 Bxc4 33.bxc4 b6 34.Kd4 Re6 35.Rd8+ Ke7 36.Rb8 Rh6
37.Rb7+ Kf8 38.Kd5 Rxh2 39.Rxb6 g5 40.c5 Ke7 41.Rb7+ Kd8 42.e6 Rd2+ 43.Ke5 Re2+
44.Kf6 Rf2+ 45.Kxg5 h6+ 46.Kg6 Re2 47.Kf7 Rf2+ 48.Kg7 Re2 49.Rd7+ Ke8 50.Kf6 Rf2+
51.Ke5 Re2+ 52.Kd6 Rd2+ 53.Kc7 Re2 54.c6 Rxe6 55.Rd5  1-0

[Event "KUTXA"]
[Site "Donostia ESP"]
[Date "2009.07.12"]
[Round "5"]
[White "Van Wely,L"]
[Black "Ubilava,E"]
[Result "1/2-1/2"]
[WhiteElo "2655"]
[BlackElo "2547"]

1.d4 d5 2.c4 e6 3.Nc3 Be7 4.Nf3 Nf6 5.Bf4 O-O 6.e3 Nbd7 7.c5 Nh5 8.Bd3 c6
9.b4 Nxf4 10.exf4 b6 11.O-O bxc5 12.bxc5 Qa5 13.Qd2 Bd8 14.Rab1 Bc7 15.Rb3 Rb8
16.g3 Ba6 17.Rfb1 Rxb3 18.axb3 Bxd3 19.Qxd3 Rb8 20.Ne1 Qb4 21.Nc2 Qb7 22.b4 a6
23.Ra1 Ra8 24.h4 Nf6 25.Kg2 h5 26.Ra4 Bd8 27.Na1 a5 28.b5 cxb5 29.Qxb5 Qxb5
30.Nxb5 Rb8 31.Nc3 Kf8 32.Ra2 Ke8 33.Kf3 Kd7 34.Ke3 Ng4+ 35.Kd3 Kc6 36.Nd1 Rb1
37.Ke2 Nf6 38.Nc3 Rb4 39.Kd3 Ng4 40.f3 Nh6 41.Nc2 Rb8 42.Ne3 Nf5 43.Nxf5 exf5
44.Kc2 Rb4 45.Ra4 Bf6 46.Rxb4 axb4 47.Ne2 Kb5 48.Kb3 g6 49.c6 Bd8 50.Nc1 Bb6
51.Nd3 Kxc6 52.Nxb4+ Kb5 53.Nxd5 Bxd4 54.Nc3+ Kc5 55.Ne2 Bf2 56.Kc3 Kb5 57.Nd4+ Kb6
58.Ne2 Kc5 59.Kd3 Kb4 60.Kc2 Kc4 61.Kd2 f6 62.Kc2 Bb6 63.Nc1 Ba5 64.Kd1 Kc3
65.Ke2 Bb6 66.Nd3 Bg1 67.Nc1 Bc5 68.Nd3 Ba3 69.Ke3 Kc2 70.Ke2 Bd6 71.Ne1+ Kc3
72.Nd3 Kd4 73.Kd2 Bc7 74.Ke2 Ba5 75.Nc1 Kc3 76.Nd3 Bb6 77.Nc1 Bg1 78.Na2+ Kb3
79.Nc1+ Kc2 80.Nd3 Bh2 81.Nb4+ Kb3 82.Nd5 Bxg3 83.Ne7 Kc4 84.Nxg6 Kd5 85.Ne7+ Ke6
86.Nc6 Bxf4 87.Kf2 Bd6 88.Nd4+ Ke5 89.Ne2 Bc5+ 90.Kf1 Bb4 91.f4+ Ke4 92.Ng3+ Kxf4
93.Nxh5+ Ke5 94.Ke2 Ba3 95.Kf3 Bc1 96.Ng3 Bd2  1/2-1/2

[Event "Lake Sevan GM"]
[Site "Martuni ARM"]
[Date "2009.07.12"]
[Round "3"]
[White "Grigoryan,Av"]
[Black "Kotanjian,T"]
[Result "1-0"]
[WhiteElo "2504"]
[BlackElo "2580"]

1.c4 e6 2.d4 d5 3.Nc3 Be7 4.Nf3 Nf6 5.Bf4 O-O 6.e3 c5 7.dxc5 Bxc5 8.cxd5 Nxd5
9.Nxd5 exd5 10.a3 Nc6 11.Bd3 Bb6 12.O-O d4 13.Qc2 h6 14.e4 Bg4 15.Ne5 Nxe5
16.Bxe5 Rc8 17.Qd2 Be6 18.Rac1 f6 19.Rxc8 Qxc8 20.Bf4 Qd7 21.Rc1 f5 22.exf5 Bxf5
23.Be5 Qe8 24.Bxd4 Bxd3 25.Qxd3 Qe6 26.Qe3 Qxe3 27.Bxe3 Bxe3 28.fxe3 Rd8
29.Rc2 Rd3 30.Kf2 Rb3 31.Kf3 Kf7 32.Ke4 Ke6 33.h4 a5 34.g4 a4 35.Rc4 Rxb2
36.Rxa4 Rh2 37.h5 Rg2 38.Kf3 Ra2 39.Rb4 Rxa3 40.Rb6+ Kf7 41.Rxb7+ Kf6 42.Rb6+ Kf7
43.Kf4 Ra1 44.e4 Rf1+ 45.Ke5 Rf2 46.Rb7+ Kf8 47.Rd7 Rf1 48.Kd5 Rf4 49.e5 Rxg4
50.Kd6 g5 51.hxg6 Rxg6+ 52.e6 Rf6 53.Rd8+ Kg7 54.Ke5 Rf1 55.e7 Re1+ 56.Kd6  1-0

[Event "Open"]
[Site "Rethymno GRE"]
[Date "2009.07.14"]
[Round "4"]
[White "Ibrahimov,R"]
[Black "Prasanna,Ra"]
[Result "1-0"]
[WhiteElo "2543"]
[BlackElo "2334"]

1.Nf3 Nf6 2.c4 e6 3.Nc3 d5 4.d4 Be7 5.Bf4 O-O 6.e3 Nbd7 7.c5 c6 8.b4 Nh5
9.Bd3 b6 10.O-O Nxf4 11.exf4 a5 12.a3 Ba6 13.Qe2 Bxd3 14.Qxd3 Qc7 15.g3 g6
16.Rfc1 Qb7 17.Qc2 Rfc8 18.Kg2 Bf6 19.Na4 Qa7 20.Qd1 Qa6 21.Nb2 Qb7 22.Nd3 axb4
23.axb4 Rxa1 24.Rxa1 Ra8 25.Ra4 b5 26.Ra1 Ra6 27.Nde5 Nb8 28.h4 h5 29.Ng5 Bxe5
30.fxe5 Rxa1 31.Qxa1 Qa6 32.Qc3 Qb7 33.Qf3 Qe7 34.Qa3 Qc7 35.Qa8 Kg7 36.Nf3 Kg8
37.Ng5 Kg7 38.f3 Kg8 39.g4 hxg4 40.fxg4 Kg7 41.Nf3 Kg8 42.g5 Kf8 43.Nh2 Ke8
44.Ng4 Kd8 45.Nf6 Ke7 46.Kg3 Kd8 47.Kg4 Ke7 48.h5 gxh5+ 49.Kxh5 Kd8 50.Kh6 Ke7
51.Kg7 Kd8 52.Qa2 Qe7 53.Qa5+ Kc8 54.Qb6  1-0

[Event "32nd Aegean Open"]
[Site "Aghios Kirykos GRE"]
[Date "2009.07.16"]
[Round "6"]
[White "Ris,R"]
[Black "Gazis,Ef"]
[Result "1-0"]
[WhiteElo "2421"]
[BlackElo "2266"]

1.d4 Nf6 2.c4 e6 3.Nc3 d5 4.Nf3 Be7 5.Bf4 b6 6.e3 O-O 7.Rc1 a6 8.a3 c5 9.Bd3 Bb7
10.O-O Nbd7 11.Qe2 cxd4 12.exd4 dxc4 13.Bxc4 b5 14.Ba2 Rc8 15.Rfe1 Nb6 16.Bb1 Nbd5
17.Bg5 Nxc3 18.bxc3 Bxa3 19.Qd3 g6 20.Rcd1 Be7 21.Ne5 Nd5 22.Bh6 Re8 23.Qf3 Bf6
24.Bd2 Rc7 25.Qg3 Nb6 26.Bf4 Nd5 27.Bd2 Nb6 28.Ng4 Bg7 29.h4 Nc4 30.Bg5 f6
31.Nxf6+ Bxf6 32.Bxf6 Qd6 33.Qg4 Rf7 34.Bxg6 Rxf6 35.Bxe8+ Kf8 36.Bh5 Qd5
37.Rd3 Rf5 38.Rg3 Ke7  1-0

[Event "Canadian Open"]
[Site "Edmonton CAN"]
[Date "2009.07.16"]
[Round "6"]
[White "Hansen,Eric"]
[Black "Plotkin,V"]
[Result "0-1"]
[WhiteElo "2423"]
[BlackElo "2215"]

1.Nf3 Nf6 2.c4 e6 3.d4 d5 4.Nc3 Be7 5.Bf4 O-O 6.e3 c5 7.dxc5 Bxc5 8.a3 Nc6
9.b4 Be7 10.Be2 dxc4 11.Bxc4 Nh5 12.O-O Nxf4 13.exf4 Qxd1 14.Rfxd1 Rd8 15.Rxd8+ Nxd8
16.Rd1 Kf8 17.Nb5 a5 18.Nd6 axb4 19.axb4 Bxd6 20.Rxd6 Ra1+ 21.Bf1 Ke7 22.Rd2 Rb1
23.b5 f6 24.g3 Bd7 25.Kg2 Bxb5 26.Bxb5 Rxb5 27.Ra2 Nc6 28.Ra8 Rd5 29.Rc8 Rd8
30.Rc7+ Rd7 31.Rc8 Kd6 32.Nd2 Rd8 33.Ne4+ Kd7 34.Rxd8+ Nxd8 35.Kf3 Kc6 36.Ke3 Kd5
37.Kd3 b5 38.Nc3+ Kc5 39.Ne4+ Kc6 40.Kd4 Nb7 41.g4 Nd6 42.Ng3 g6 43.h4 b4
44.h5 Kb5 45.hxg6 hxg6 46.Ne2 Ka4 47.g5 Nb5+ 48.Kd3 f5 49.Kc2 Ka3  0-1

[Event "1st Artemis Cup"]
[Site "Leros GRE"]
[Date "2009.07.16"]
[Round "6"]
[White "Timoshenko,G"]
[Black "Shneider,Alek"]
[Result "1/2-1/2"]
[WhiteElo "2556"]
[BlackElo "2539"]

1.c4 e6 2.Nc3 d5 3.d4 Nf6 4.Nf3 Be7 5.Bf4 O-O 6.e3 Nbd7 7.h3 c5 8.cxd5 Nxd5
9.Nxd5 exd5 10.Be2 cxd4 11.Nxd4 Bb4+ 12.Kf1 Nf6 13.a3 Bd6 14.Bxd6 Qxd6 15.g3 Qb6
16.b4 Bd7 17.Kg2 Rac8 18.Qb3 Rc7 19.Rhc1 Rfc8 20.Rxc7 Qxc7 21.Rd1  1/2-1/2

[Event "Lake Sevan GM"]
[Site "Martuni ARM"]
[Date "2009.07.17"]
[Round "8"]
[White "Pashikian,A"]
[Black "Kotanjian,T"]
[Result "1-0"]
[WhiteElo "2650"]
[BlackElo "2580"]

1.d4 d5 2.c4 e6 3.Nf3 Nf6 4.Nc3 Be7 5.Bf4 O-O 6.e3 c5 7.dxc5 Bxc5 8.a3 Nc6
9.Qc2 Qa5 10.O-O-O Be7 11.h4 Rd8 12.Nd2 e5 13.Bg5 d4 14.Nb3 Qb6 15.exd4 Nxd4
16.Nxd4 exd4 17.Ne4 h6 18.Bxf6 Bxf6 19.Be2 Bf5 20.Bd3 Bxe4 21.Bxe4 d3 22.Bxd3 Rd4
23.g3 Rad8 24.Rhe1 g6 25.Re2 Qc5 26.Red2 a5 27.Kb1 R8d6 28.Ka2 Kg7 29.Bf1 b5
30.Rxd4 Bxd4 31.Qb3 b4 32.f4 bxa3 33.Qxa3 Qb6 34.Qb3 Qc7 35.Qa3 h5 36.Rd2 Kh7
37.Qa4 Qe7 38.Qd1 Qf6 39.f5 Kg7 40.fxg6 fxg6 41.g4 hxg4 42.Qxg4 Be5 43.Rxd6 Qxd6
44.Qe4 Qd4 45.Qb7+ Kh6 46.Qb5 Kh5 47.Bd3 Qxd3 48.Qxe5+ Kxh4 49.c5 g5 50.Qe1+ Kh5
51.Qc3 Qd5+ 52.Ka3 g4 53.c6 Qd6+ 54.Ka4 Qf4+ 55.Kb5 Qb8+ 56.Ka6 Qa8+ 57.Kb6 Qb8+
58.Ka6 Qa8+ 59.Kb5 Qb8+ 60.Ka4 Qf4+ 61.Kxa5 Qc7+ 62.Ka6 g3 63.Qc5+ Kg4 64.Qd4+ Kf3
65.Qd5+ Kf2 66.Qd7 Qf4 67.c7 Qc4+ 68.Kb6 Qb3+ 69.Qb5 Qe6+ 70.Kb7 Qe4+ 71.Kb8 Qf4
72.Qc5+ Kf1 73.Ka7 Qf7 74.Qc1+ Ke2 75.Qc2+ Kf1 76.Qd3+ Kf2 77.Kb8 Qf4 78.Qc2+ Kf1
79.Ka8 Qf3+ 80.Kb8 Qf4 81.Ka8 Qf3+ 82.Ka7 Qf7 83.Qc1+ Kf2 84.Qc5+ Kf1 85.Qb5+ Kf2
86.Qb7  1-0

[Event "Open"]
[Site "Rethymno GRE"]
[Date "2009.07.17"]
[Round "7"]
[White "Ibrahimov,R"]
[Black "Gaponenko,I"]
[Result "1-0"]
[WhiteElo "2543"]
[BlackElo "2428"]

1.Nf3 d5 2.d4 Nf6 3.c4 e6 4.Nc3 Be7 5.Bf4 O-O 6.e3 c5 7.dxc5 Bxc5 8.Qc2 Nc6
9.a3 Be7 10.Rd1 Qa5 11.Be2 dxc4 12.Bxc4 Nh5 13.Bd6 Bxd6 14.Rxd6 Rd8 15.Rxd8+ Qxd8
16.O-O Bd7 17.Rd1 Qe7 18.Ng5 g6 19.Nge4 f5 20.Nd6 Ne5 21.Be2 Bc6 22.f4 Ng4
23.Bxg4 fxg4 24.Qe2 Rd8 25.Nde4 Rxd1+ 26.Qxd1 e5 27.fxe5 Qxe5 28.Qxg4 Kg7
29.Qg5 Qe6 30.Nd2 Nf6 31.Qf4 Qd7 32.Qd4 Qf5 33.e4 Qf4 34.h3 g5 35.Qf2 Qd6
36.Qe3 Kf7 37.e5 Qe6 38.Qxg5 Nd7 39.Qf4+ Ke7 40.Nc4 Qg6 41.Ne3  1-0

[Event "LTC Open A"]
[Site "Leiden NED"]
[Date "2009.07.18"]
[Round "8"]
[White "Savchenko,S"]
[Black "Sanikidze,T"]
[Result "1/2-1/2"]
[WhiteElo "2526"]
[BlackElo "2559"]

1.Nf3 Nf6 2.c4 e6 3.Nc3 d5 4.d4 Be7 5.Bf4 c5 6.dxc5 Bxc5 7.e3 Nc6 8.cxd5 Nxd5
9.Nxd5 exd5 10.a3 Qf6  1/2-1/2

[Event "Najdorf Mem Open"]
[Site "Warsaw POL"]
[Date "2009.07.18"]
[Round "1"]
[White "Alvarado,C"]
[Black "Radulski,J"]
[Result "1/2-1/2"]
[WhiteElo "2175"]
[BlackElo "2539"]

1.d4 d5 2.c4 e6 3.Nc3 Be7 4.Nf3 Nf6 5.Bf4 O-O 6.e3 c5 7.dxc5 Bxc5 8.cxd5 Nxd5
9.Nxd5 exd5 10.a3 Nc6 11.Bd3 Bg4 12.O-O Bd6 13.Bxd6 Qxd6 14.Bxh7+ Kh8 15.Bd3 Qf6
16.h3 Bxf3 17.Qxf3 Qxf3 18.gxf3 g5 19.Rfd1 Rad8 20.Rac1 Kg7 21.Kg2 Rd6 22.b4 Rfd8
23.Bb5 Ne5 24.Rc7 a6 25.Be2 b5 26.Rc5 Kf6 27.a4 bxa4 28.Ra5 Nc4 29.Bxc4 dxc4
30.Rc1 Rc6 31.Rc5 Rxc5 32.bxc5 Ra8 33.Rxc4 Ke6 34.Rxa4 Kd5 35.Ra5 Kc4 36.c6 Kb4
37.Ra1 a5 38.Rb1+ Kc3 39.c7 Rc8 40.Ra1 Kb4 41.Rb1+ Kc3 42.Ra1 Kb4 43.Rb1+  1/2-1/2

[Event "Politiken Cup"]
[Site "Helsingor DEN"]
[Date "2009.07.19"]
[Round "2"]
[White "Matthiesen,M"]
[Black "Jensen,SorenH"]
[Result "0-1"]
[WhiteElo "2305"]
[BlackElo "2054"]

1.d4 d5 2.c4 e6 3.Nc3 Be7 4.Nf3 Nf6 5.Bf4 O-O 6.e3 c5 7.dxc5 Bxc5 8.a3 Nc6
9.Qc2 Qa5 10.O-O-O Be7 11.h4 Rd8 12.Nd2 Rd7 13.Kb1 e5 14.Nb3 Qd8 15.Bg5 d4
16.Bxf6 Bxf6 17.Nd5 dxe3 18.Nc5 Nd4 19.Rxd4 exd4 20.Nxd7 Bxd7 21.fxe3 dxe3
22.Bd3 h6 23.g3 Bc6 24.Bh7+ Kf8 25.Be4 Bxd5 26.Bxd5 Qd7 27.Qe2 Re8 28.Rf1 Qe7
29.Qh5 Rd8 30.Qf3 Qe5 31.Qe2 b5 32.Rd1 bxc4  0-1